| 000 | 00639nam a2200241Ia 4500 | ||
|---|---|---|---|
| 003 | OSt | ||
| 005 | 20220924114405.0 | ||
| 006 | a|||||r|||| 00| 0 | ||
| 007 | ta | ||
| 008 | 220923b |||||||| |||| 00| 0 urd d | ||
| 020 | _c5 | ||
| 024 | _a312525 | ||
| 037 | _cTextual | ||
| 040 |
_aARTS _cARTS _burd |
||
| 041 |
_2urd _aurd |
||
| 082 | _aO168,1L97:g, K9 | ||
| 100 |
_aNayyar Hukum Chand _9173289 |
||
| 245 | 0 | _aNawa-e-Ghalib | |
| 260 |
_aBanaras _bHindustani University India _c1969 |
||
| 650 | _aURDU POETRY | ||
| 942 |
_hO168,1L97:g, K9 _cTEXL _2CC |
||
| 999 |
_c393315 _d393315 |
||